| 000 | 00507cam a22001814a 4500 | ||
|---|---|---|---|
| 005 | 20250605164345.0 | ||
| 008 | 250528s ||||||||||||||||||||||||d | ||
| 035 | _a23817 | ||
| 040 |
_aGR-AtMCL _bgre _dGR-AtMCL _eAACR2 |
||
| 245 | 1 | _aΜεθοδολογία επιστημονικής έρευνας | |
| 250 | _a1 | ||
| 260 |
_bΑυτοεκδοση, _c2022 |
||
| 300 | _a212 | ||
| 700 | 1 |
_aΠαρασκευοπουλος Ιωαννης Ν _92858 |
|
| 942 | _cBK | ||
| 999 |
_c8747 _d8747 |
||